Blue lock RIVALS true or false - Statistics

General Stats
  • This quiz has been taken 555 times
  • The average score is 15 of 16
Answer Stats
Hint Answer % Correct
Kunigami is balanced False
98%
King has been in 3 rarities. True
98%
Bachira has no power shot ability False
97%
Karasu and Otoya were released at different times False
97%
Sae's chemical reaction has never been changed False
97%
Awakenings can be activated anywhere. As long as you have the ball False
97%
Nagi's trap doesn't work when in the air False
96%
On PC, You must press f to use Awakening False
96%
Shidou used to be a legendary. True
96%
Chrollo, The developer, owns a basketball game True
96%
Rin's flow is prodigy True
96%
Isagi used to have a pass move True
96%
BLR has yet to release a ranked mode True
96%
"Blast" is the newest Chigiri move True
96%
VIP costs 899 robux to buy. False
95%
A lucky spin has over a 90% chance to give a legendary True
95%
No matching quizzes found
Score Distribution
Percent of People with Each Score
Percentile by Number Answered
Your Score History
You have not taken this quiz